| 000 | 00469nam a2200157 i 4500 | ||
|---|---|---|---|
| 001 | 92569 | ||
| 003 | ES-MaACL | ||
| 005 | 20230906181013.0 | ||
| 007 | t| | ||
| 008 | 050322s1934 ve ||||1| spa d | ||
| 100 | 1 |
_aLiscano, Tomás. _972534 |
|
| 245 | 1 | 3 |
_aLa moral del abogado i [sic] de la abogacía / _cTomás Liscano. |
| 260 |
_aCaracas : _bTipografía La Nación, _c1934. |
||
| 300 |
_a140 p. ; _c20 cm. |
||
| 852 |
_aES-MaACL _jA-3430 _q. - Ded. autógr. del autor |
||
| 999 |
_c92569 _d92569 |
||